000 00380nam a2200157Ia 4500
003 Ost
005 20260225132600.0
008 260225s9999||||xx |||||||||||||| ||und||
040 _cfsic
041 _afre
082 _a70.4
100 _aWARREN K. AGEE
_eAuteur
245 0 _aMEDIAS :
245 0 _bTRADUIT DE L'AMERICAINS PAR ANNE SAUVETRE /
_cWARREN K. AGEE
942 _cكتاب
999 _c34681
_d34681